000 00600nam a2200265Ia 4500
005 20260306163919.0
008 008 260114s9999 xx 000 0 eng d
020 _a9781936190096
037 _aEBOOK
040 _aCRL
040 _beng
040 _cCRL
041 _2eng
041 _aeng
084 _qCRL
100 _aShafik
_91129621
245 0 _aArab Cinema
260 _bAmerican University in Cairo Press
260 _c2011
650 _aSocial Work
856 _uhttps://academic.oup.com/book/15445
942 _cEBOOK
999 _c1711998
_d1711998